Logo BPK

Biblioteka

Politechniki Koszalińskiej

Zbiór zadań z podstaw elektrotechniki dla studentów studiów zaocznych / (Rekord nr 24505)

Szczegóły MARC
000 -ETYKIETA REKORDU
podpole kontrolne o stałej długości 00734nam a2200217 i 4500
001 - NUMER KONTROLNY REKORDU
pole kontrolne bg
040 ## - ŹRÓDŁO KATALOGOWANIA
Instytucja, która utworzyła rekord BPK
041 0# - KOD JĘZYKA
Kod języka tekstu pol
080 ## - UNIWERSALNA KLASYFIKACJA DZIESIĘTNA - UKD
UKD 621.3(075.8)
008 - POLE O STAŁEJ DŁUGOŚCI - DANE KONTROLNE
podpole kontrolne o stałej długości s pl f |000 0 pol
100 1# - NAZWA OSOBOWA
Nazwa osobowa PRZYTULSKI, Andrzej
245 10 - TYTUŁ/ODPOWIEDZIALNOŚĆ
Tytuł Zbiór zadań z podstaw elektrotechniki dla studentów studiów zaocznych /
Pozostałe elementy strefy tytułu i oznaczenia odpowiedzialności Andrzej Przytulski.
Oznaczenie części/sekcji dzieła Cz. 1.
260 ## - STREFA ADRESU WYDAWNICZEGO
Miejsce wydania Opole :
Nazwa wydawcy/dystrybutora WSI,
Data publikacji, dystrybucji/powstania dokumentu 1995.
300 ## - STREFA OPISU FIZYCZNEGO
Objętość 153 s. :
Inne cechy fizyczne rys., wykr. ;
Rozmiary 24 cm.
490 1# - STREFA SERII I DOKUMENTU WIELOCZĘŚCIOWEGO - FORMA NIE DO WYSZUKIWANIA
Tytuł i oznaczenie odpowiedzialności serii Skrypt Uczelniany / Wyższa Szkoła Inżynierska w Opolu,
ISSN 0860-9004 ;
Numeracja w obrębie serii nr 177
504 ## - UWAGA DOTYCZĄCA BIBLIOGRAFII
Informacje o bibliografii Bibliogr. s. 153.
650 #9 - HASŁO PRZEDMIOTOWE W FORMIE NAZWY OGÓLNEJ LUB JEDNOSTKOWEJ
Nazwa ogólna lub geograficzna Elektrotechnika
655 ## - TERMIN INDEKSOWY - OKREŚLENIE RODZAJU/FORMY DOKUMENTU
Określenie rodzaju/formy dokumentu Ćwiczenia i zadania
830 #0 - HASŁO DODATKOWE SERII LUB DOKUMENTU WIELOCZĘŚCIOWEGO - TYTUŁ UJEDNOLICONY
Tytuł ujednolicony Skrypt Uczelniany (Wyższa Szkoła Inżynierska w Opolu) ;
Oznaczenie tomu nr 177
856 ## - LOKALIZACJA I DOSTĘP DO ELEKTRONICZNYCH DOKUMENTÓW ZDALNYCH
Link (URL) http://koha.tu.koszalin.pl/cgi-bin/koha/opac-detail.pl?biblionumber=24505
Tekst linku Katalog online BPK
942 ## - DODATKOWE ELEMENTY (KOHA)
Typ dokumentu Książka
Egzemplarze
Wycofany Status egzemplarza Uszkodzony Dostępność Lokalizacja stała Lokalizacja bieżąca Miejsce przechowywania Sygnatura Kod kreskowy Typ dokumentu
      Dostępny Biblioteka Politechniki Koszalińskiej Biblioteka Politechniki Koszalińskiej Wypożyczalnia BG P 50472 01083293 Książka
© 2023 Biblioteka Politechniki Koszalińskiej :: KOHA